<?xml version="1.0" encoding="UTF-8"?>
<collection xmlns="http://www.loc.gov/MARC21/slim">
 <record>
  <leader>05892nam a2200409 a 4500</leader>
  <controlfield tag="001">kal2850</controlfield>
  <controlfield tag="003">Gr-AtHEAL</controlfield>
  <controlfield tag="005">20160505184831.0</controlfield>
  <controlfield tag="006">m        d        </controlfield>
  <controlfield tag="008">160413s2015    gr      s           gre|c</controlfield>
  <datafield tag="020" ind1=" " ind2=" ">
   <subfield code="a">9789606032745</subfield>
  </datafield>
  <datafield tag="040" ind1=" " ind2=" ">
   <subfield code="a">GR-AtHEAL</subfield>
   <subfield code="b">gre</subfield>
   <subfield code="c">GR-AtHEAL</subfield>
  </datafield>
  <datafield tag="082" ind1="0" ind2="4">
   <subfield code="a">617.6</subfield>
   <subfield code="2">23</subfield>
  </datafield>
  <datafield tag="100" ind1="1" ind2=" ">
   <subfield code="a">Τζούτζας, Ιωάννης.</subfield>
   <subfield code="8">469</subfield>
  </datafield>
  <datafield tag="245" ind1="1" ind2="0">
   <subfield code="a">Τεχνικές, εργαλεία και διατάξεις για την κοπή και αφαίρεση σκληρών οδοντικών ιστών</subfield>
   <subfield code="h">[Ηλεκτρονικός πόρος] </subfield>
   <subfield code="b">Κατασκευαστικές λεπτομέρειες και λειτουργικές επισημάνσεις</subfield>
   <subfield code="c">Τζούτζας, Ιωάννης ; Φραγκούλη, Μαργαρίτα ; Αδάμ, Ελένη ; Κριτικός αναγνώστης,Βουγιουκλάκης, Γεώργιος ; Τεχνική επιμέλεια,Σιδέρη, Αγγελική-Βασιλική ; Γλωσσική επιμέλεια,Μητράκου, Χάρριετ.</subfield>
  </datafield>
  <datafield tag="260" ind1=" " ind2=" ">
   <subfield code="a">Αθήνα :</subfield>
   <subfield code="b">Σύνδεσμος Ελληνικών Ακαδημαϊκών Βιβλιοθηκών,</subfield>
   <subfield code="c">c2015.</subfield>
  </datafield>
  <datafield tag="490" ind1=" " ind2=" ">
   <subfield code="a">Ακαδημαϊκά Ηλεκτρονικά Συγγράμματα και Βοηθήματα Κάλλιπος</subfield>
   <subfield code="8">40</subfield>
  </datafield>
  <datafield tag="520" ind1=" " ind2=" ">
   <subfield code="a">Η έννοια της κοπής των σκληρών οδοντικών ιστών είναι συνυφασμένη με την ιστορική πορεία της Οδοντιατρικής επιστήμης διαμέσου των αιώνων. Από καταβολής της η Οδοντιατρική επιβάλλει, αφενός μεν την αφαίρεση των κατεστραμμένων οδοντικών ιστών αφετέρου δε τη σχηματοποίηση των υγειών, προκειμένου να υποδεχθούν επανορθωτικά υλικά ,αλλά και κοσμητικά υλικά όπως πολύτιμα κράματα και πολύτιμους λίθους. Είναι συνεπώς ευνόητο ότι η εξέλιξη της Οδοντιατρικής σχετίζεται στενά με την εξέλιξη της τεχνολογίας και έτσι στο χώρο της αφαίρεσης των οδοντικών ιστών διακρίνουμε έξι κατηγορίες μεθόδων και εργαλείων που προσφέρουν αυτήν την υπηρεσία .Α. Εργαλεία χειρόςΒ. Περιστροφικά κοπτικά εργαλείαΓ. Αποκοπή με εκτόξευση σωματιδίωνΔ. Χημικομηχανική αφαίρεσηΕ. Αποκοπή με υπερήχουςΣΤ. Αποκοπή με ακτινοβολία Laser.Η κάθε μία από αυτές τις τεχνικές έχει να παρουσιάσει τα πλεονεκτήματα και τα μειονεκτήματά της και παράλληλα να περιγράψει το φάσμα των δυνατοτήτων εφαρμογής της, σε συσχέτιση πάντοτε με τη χρονική στιγμή κατά την οποία προτάθηκε και χρησιμοποιήθηκε και τα υλικά που συνόδευαν την εποχή εκείνη, την εφαρμοσμένη κλινική πράξη. Στην επικρατούσα διδακτική μεθοδολογία παρουσιάζονται μόνον οι συχνά χρησιμοποιούμενες τεχνικές ,από την ευρεία μάζα των οδοντιάτρων , αλλά υπάρχει πτωχή περιγραφή των λειτουργικών και κατασκευαστικών λεπτομερειών που διέπουν τα κάθε μορφής εργαλεία και διατάξεις και δεν περιγράφονται οι επιπτώσεις που επέρχονται στις αποκαταστάσεις και τους ιστούς από την μη σωστή λειτουργία των κοπτικών διατάξεων.</subfield>
  </datafield>
  <datafield tag="650" ind1=" " ind2="0">
   <subfield code="a">Dentistry, Operative.</subfield>
   <subfield code="8">2807</subfield>
  </datafield>
  <datafield tag="653" ind1=" " ind2=" ">
   <subfield code="a">Αδαμαντόκονη καρβίδιο μικροσωματίδια</subfield>
  </datafield>
  <datafield tag="653" ind1=" " ind2=" ">
   <subfield code="a">Εγγλυφίδα</subfield>
  </datafield>
  <datafield tag="653" ind1=" " ind2=" ">
   <subfield code="a">Χειρολαβή</subfield>
  </datafield>
  <datafield tag="653" ind1=" " ind2=" ">
   <subfield code="a">Επιστήμες υγείας</subfield>
   <subfield code="a">Οδοντιατρική</subfield>
   <subfield code="a">Οδοντιατρικές ειδικότητες</subfield>
   <subfield code="a">Προσθετική δοντιών</subfield>
  </datafield>
  <datafield tag="653" ind1=" " ind2=" ">
   <subfield code="a">Επιστήμες υγείας</subfield>
   <subfield code="a">Οδοντιατρική</subfield>
   <subfield code="a">Οδοντιατρική αναισθησία</subfield>
  </datafield>
  <datafield tag="653" ind1=" " ind2=" ">
   <subfield code="a">Επιστήμες υγείας</subfield>
   <subfield code="a">Οδοντιατρική</subfield>
   <subfield code="a">Οδοντιατρική συγκόλληση</subfield>
  </datafield>
  <datafield tag="653" ind1=" " ind2=" ">
   <subfield code="a">Επιστήμες υγείας</subfield>
   <subfield code="a">Οδοντιατρική</subfield>
   <subfield code="a">Οδοντιατρική ατραυματική επανορθωτική θεραπεία</subfield>
  </datafield>
  <datafield tag="653" ind1=" " ind2=" ">
   <subfield code="a">Επιστήμες υγείας</subfield>
   <subfield code="a">Οδοντιατρική</subfield>
   <subfield code="a">Οδοντιατρική θεραπευτική</subfield>
  </datafield>
  <datafield tag="653" ind1=" " ind2=" ">
   <subfield code="a">Επιστήμες υγείας</subfield>
   <subfield code="a">Οδοντιατρική</subfield>
   <subfield code="a">Γενική οδοντιατρική πράξη</subfield>
  </datafield>
  <datafield tag="653" ind1=" " ind2=" ">
   <subfield code="a">Επιστήμες υγείας</subfield>
   <subfield code="a">Οδοντιατρική</subfield>
  </datafield>
  <datafield tag="700" ind1="1" ind2=" ">
   <subfield code="a">Φραγκούλη, Μαργαρίτα</subfield>
   <subfield code="e">Συγγραφέας</subfield>
   <subfield code="8">470</subfield>
  </datafield>
  <datafield tag="700" ind1="1" ind2=" ">
   <subfield code="a">Αδάμ, Ελένη</subfield>
   <subfield code="e">Συγγραφέας</subfield>
   <subfield code="8">471</subfield>
  </datafield>
  <datafield tag="700" ind1="1" ind2=" ">
   <subfield code="a">Βουγιουκλάκης, Γεώργιος</subfield>
   <subfield code="e">Κριτικός αναγνώστης</subfield>
   <subfield code="8">472</subfield>
  </datafield>
  <datafield tag="856" ind1="4" ind2="0">
   <subfield code="u">http://hdl.handle.net/11419/2850</subfield>
   <subfield code="z">Πλήρες Κείμενο - Full text</subfield>
  </datafield>
  <datafield tag="907" ind1=" " ind2=" ">
   <subfield code="a">.b25680134</subfield>
   <subfield code="b">12-06-18</subfield>
   <subfield code="c">29-07-16</subfield>
  </datafield>
  <datafield tag="949" ind1=" " ind2=" ">
   <subfield code="0">0</subfield>
   <subfield code="1">0</subfield>
   <subfield code="2">ddc</subfield>
   <subfield code="4">0</subfield>
   <subfield code="6">617_600000000000000_ΤΖΟ</subfield>
   <subfield code="7">0</subfield>
   <subfield code="8">KALL</subfield>
   <subfield code="8">772</subfield>
   <subfield code="d">2016-04-13</subfield>
   <subfield code="r">2016-04-13</subfield>
   <subfield code="w">2016-04-13</subfield>
   <subfield code="z">617.6 ΤΖΟ</subfield>
   <subfield code="o">SEAB KALLIPOS</subfield>
  </datafield>
  <datafield tag="998" ind1=" " ind2=" ">
   <subfield code="a">80</subfield>
   <subfield code="a">01</subfield>
   <subfield code="a">02</subfield>
   <subfield code="a">03</subfield>
   <subfield code="a">04</subfield>
   <subfield code="a">05</subfield>
   <subfield code="a">06</subfield>
   <subfield code="a">07</subfield>
   <subfield code="a">08</subfield>
   <subfield code="a">09</subfield>
   <subfield code="a">10</subfield>
   <subfield code="a">11</subfield>
   <subfield code="a">12</subfield>
   <subfield code="a">13</subfield>
   <subfield code="a">14</subfield>
   <subfield code="a">15</subfield>
   <subfield code="a">16</subfield>
   <subfield code="a">17</subfield>
   <subfield code="a">18</subfield>
   <subfield code="a">19</subfield>
   <subfield code="a">20</subfield>
   <subfield code="a">21</subfield>
   <subfield code="a">22</subfield>
   <subfield code="a">23</subfield>
   <subfield code="a">24</subfield>
   <subfield code="a">25</subfield>
   <subfield code="a">26</subfield>
   <subfield code="b">16-05-17</subfield>
   <subfield code="c">m</subfield>
   <subfield code="d">z  </subfield>
   <subfield code="e">-</subfield>
   <subfield code="f">gre</subfield>
   <subfield code="g">gr </subfield>
   <subfield code="h">0</subfield>
  </datafield>
  <datafield tag="942" ind1=" " ind2=" ">
   <subfield code="2">ddc</subfield>
   <subfield code="c">KALLIPOS</subfield>
  </datafield>
 </record>
</collection>
